00497 2200205 4500001002100000008004100021035002000062245006100082100001600143250000600159260003200165300001100197084001400208082000800222650001300230990001200243990001200255990001200267990001200279INLIS000000000000660 ind  a0010-0424000636 aCatatan Masa Depan; Planet Bumi Dalam BahayacMike Flynn aFlynn, Mike a1 aBandung :bPakar Rayac2007 a32 hlm a600 MIK c a600 aNonfiksi a0721694 a0721695 a0721696 a0721697